|
|
|
|
| LEADER |
01341nam a2200313 a 4500 |
| 001 |
000448868 |
| 003 |
CZ BrMZK |
| 005 |
20080828100346.0 |
| 007 |
ta |
| 008 |
990305s1984 xr f cze d |
| 015 |
|
|
|a cnb000027943
|
| 035 |
|
|
|a (OCoLC)39564065
|
| 040 |
|
|
|a BOA001
|b cze
|
| 080 |
|
|
|a 550.8.01(075.8)
|2 MRF
|
| 100 |
1 |
|
|a Hájek, Josef,
|d 1935-
|7 jx20040831019
|4 aut
|
| 245 |
1 |
0 |
|a Metody geologického výzkumu /
|c Josef Hájek
|
| 250 |
|
|
|a 1. vyd.
|
| 260 |
|
|
|a Brno :
|b Universita J.E. Purkyně,
|c 1984
|
| 300 |
|
|
|a 192 s. +
|e 2 vol. příl.
|
| 910 |
|
|
|a BOA001
|b 4-0881.730
|b PK-N-0024.085
|
| 920 |
|
|
|a 000368084
|
| 964 |
|
|
|a Geologický výzkum - učebnice - vysoké školy
|
| 990 |
|
|
|a BK
|
| 996 |
7 |
|
|b 2619748513
|c 4-0881.730
|l MZK
|r Sklad / do 1 hodiny
|n 11
|w 000448868
|u 000010
|a 1
|e BOA001
|j MZK50
|s A
|
| 996 |
7 |
|
|b 3119811702
|c PK-N-0024.085
|l MZK
|r Sklad / do 1 hodiny
|n 4
|w 000448868
|u 000060
|a 1
|e BOA001
|j MZK50
|s A
|
| 996 |
6 |
|
|b 448868-10
|c 4-0881.730
|l MZK
|r Sklad / do 1 hodiny
|n 0
|w 000448868
|u 000020
|a 1
|e BOA001
|j MZK50
|s P
|
| 996 |
6 |
|
|b 448868-20
|c 4-0881.730
|l MZK
|r Sklad / do 1 hodiny
|n 0
|w 000448868
|u 000030
|a 1
|e BOA001
|j MZK50
|s P
|
| 996 |
6 |
|
|b 448868-30
|c 4-0881.730
|l MZK
|r Sklad / do 1 hodiny
|n 0
|w 000448868
|u 000040
|a 1
|e BOA001
|j MZK50
|s P
|
| 996 |
6 |
|
|b 448868-40
|c 4-0881.730
|l MZK
|r Sklad / do 1 hodiny
|n 0
|w 000448868
|u 000050
|a 1
|e BOA001
|j MZK50
|s P
|